000 00762nas a2200241 4500
001 BR9511011
003 BR-BrBNA
005 20231205095558.0
007 ta
008 230509b bl.|||p| |||| 00| 00por d
040 _aBR-BrBNA
_bpor
_cBiblioteca Nacional de Agricultura
041 _a(En)
072 _aP40
100 1 _aRocha, H.R. da
100 1 _aDias, P.L. da S.
245 1 _aThe energy balance in Central-Northeast Brazil and the meteorological systems
650 _aMeteorologia
650 _aBalanco de Energia
650 _aAtmosfera
773 0 _tAnais da Academia Brasileira de Ciencias (Brazil)
_xISSN 0001-3765
_g(1994), v. 66(Supl. 1. Part. 1) p. 101-108
_wBR9511011
909 _a202311
_bLúcia
_c55
_dLúcia Elande
942 _2AGRIS
_n0
_cANA
999 _c151484
_d151484